Bibliografía de artículos sobre las relaciones internacionales de América Latina y el Caribe: 1975-1982

Guardat en:
Dades bibliogràfiques
Autor corporatiu: OEA
Format: Text
Publicat: Washington: OEA
Etiquetes: Afegir etiqueta
Sense etiquetes, Sigues el primer a etiquetar aquest registre!

MARC

LEADER 00000 a a2200000 04500
001 23542
003
040 |a CRAI/IIS  |c CRAI/IIS 
090 |a R 164700  
110 |a OEA  
245 |a Bibliografía de artículos sobre las relaciones internacionales de América Latina y el Caribe: 1975-1982  
260 |a Washington:   |b OEA  
300 |a 37 p.  
999 |c 2724  |d 2724